| 000 | 00898nam a2200253 a 4500 | ||
|---|---|---|---|
| 001 | 6876 | ||
| 003 | BD-RjUL | ||
| 005 | 20211208234329.0 | ||
| 008 | 170503s1965 nyu b 001 0 eng d | ||
| 035 | _a(BD-RjUL)6918 | ||
| 040 |
_aDLC/ICU _cICU _dBD-RjUL _beng |
||
| 041 | _aeng | ||
| 082 | 0 | 0 |
_a515.782 _bZED 1965 _223 |
| 100 | 1 |
_aZemanian, A. H. _q(Armen H.) _921595 |
|
| 245 | 1 | 0 |
_aDistribution theory and transform analysis : _ban introduction to generalized functions, with applications / _cA.H. Zemanian. |
| 260 |
_aNew York : _bMcGraw-Hill , _cc1965 |
||
| 300 |
_axiii, 371 p. ; _c23 cm. |
||
| 504 | _aIncludes bibliography and index. | ||
| 650 | 0 |
_aDistribution theory _920671 |
|
| 650 | 0 |
_aTheory of distributions (Functional analysis) _9151324 |
|
| 650 | 0 |
_aTransformations (Mathematics) _920245 |
|
| 942 |
_2ddc _cBK |
||
| 999 |
_c6876 _d6876 |
||